000 00526nam a2200181 a 4500
005 20241113063716.0
008 991125s1997 mx 000 0 spa u
020 _a9688161357
035 _aUPN01000017981
049 _aCG
050 4 _aLC1621
_bE3.8
245 0 0 _aEducación, salud y desarrollo social de la Ciudad de México :
_b1994-1997.
260 _aMéxico :
_bDDF :
_bLimusa-Noriega,
_c1997.
300 _a129 p. :
_bil.
440 0 _aEducación y salud
650 4 _aEducación para la salud
_95249
905 _aLibro
999 _c17981
_d17981